|
|
|
|
| LEADER |
00000cam a2200000 a 4500 |
| 001 |
vtls008331538 |
| 003 |
SK-MaSNL |
| 005 |
20260302003740.0 |
| 008 |
251124s1972 xo oa e n 000 0 slo |
| 015 |
|
|
|a SNBA1972/11-02695
|
| 035 |
|
|
|a SK01SNK19720023755
|
| 035 |
|
|
|a SKM000026218
|
| 040 |
|
|
|a SNK
|b slo
|c SNK
|e AACR2
|
| 041 |
1 |
|
|a slo
|
| 044 |
|
|
|a xo
|c SK
|
| 080 |
|
|
|a 621.38(075.8)(076.5)
|2 1981
|
| 100 |
1 |
|
|a Hábovčík, Peter,
|d 1929-2005
|4 aut
|9 37283
|
| 245 |
1 |
0 |
|a Mikrovlnná a kvantová elektronika. Návody k cvičeniam
|b ... určená pre posl. 5. roč. špecializácie Rádiotechnológia, ako základná pomôcka k cvičeniam z predmetu Mikrovlnná a kvantová elektronika
|c Peter Hábovčík, Marian Burin
|
| 250 |
|
|
|a 1. dotlač. 1. vyd.
|
| 260 |
|
|
|a Bratislava
|b Slovenská vysoká škola technická
|c 1972
|
| 300 |
|
|
|a 132, [1] s.
|c 4°
|
| 500 |
|
|
|a Použ. lit. Tb. Fot. Grafy. Schémy
|
| 563 |
|
|
|a 100 výtl.
|
| 650 |
0 |
7 |
|a mikrovlnná elektronika
|2 SNKPH
|9 342504
|
| 650 |
0 |
7 |
|a kvantová elektronika
|2 SNKPH
|9 83768
|
| 655 |
|
7 |
|a učebnice vysokých škôl
|2 SNKPH
|9 70191
|
| 700 |
1 |
|
|a Burin, Marian
|4 aut
|9 347603
|
| 958 |
|
|
|a OND
|
| 958 |
|
|
|a UV
|
| 958 |
|
|
|a NB
|
| 958 |
|
|
|a RM
|
| 958 |
|
|
|a RK
|
| 999 |
|
|
|c 993182
|d 995112
|
| 952 |
|
|
|a SNK
|b SNK
|y PREZ
|7 0
|p 17A0802667
|o snkSB 18823
|i snkKSP 8112/72
|0 0
|1 0
|4 0
|d 2015-06-05
|l 0
|r 2025-03-18 00:00:00
|w 2026-02-24
|
| 952 |
|
|
|a SNK
|b SNK
|y PREZ
|7 0
|o snkSB 18823 D1
|i snkKSP 8113/72
|0 0
|1 0
|4 0
|d 2015-06-05
|l 0
|r 2026-02-24 11:55:32
|w 2026-02-24
|